00442nam a2200193Ia 4500008004000000041000800040082001100048100002100059245005500080260003300135300000800168650000700176650001200183650001100195650001500206650001100221650000900232650000700241210210b1959 xxu||||| |||| 00| 0 eng d aeng a960/61 aBRIGHT (Jagat S) aGather ye the wisdom: an exhaustive book of essays aDelhibJiwan Prakashanc1959 a382 aye awisdom: aGather aexhaustive aessays abook aan